Stav verejných financií a cesty úspornosti na ich ozdravenie

Deficit verejných financií SR v roku 2009, prognóza na rok 2010. Dôvodom zadlžovania SR je celosvetová finančná a hospodárska kríza a absencia prijatia nepopulárnych opatrení. Úsporné opatrenia zamerané na zníženie deficitu verejných financií. Fiškálne opatrenia vlády zamerané na ozdravenie verejnýc...

Descripción completa

Guardado en:
Detalles Bibliográficos
Autor principal: Víghová, Agneša
Formato: Capítulo de libro
Lenguaje:eslovaco
Materias:
Etiquetas: Agregar Etiqueta
Sin Etiquetas, Sea el primero en etiquetar este registro!

MARC

LEADER 00000nla$a2200000$$$4500
001 0129732
005 20221107083902.8
041 0 |a slo 
044 |a SK 
245 1 0 |a Stav verejných financií a cesty úspornosti na ich ozdravenie  |c Agneša Víghová 
520 |a Deficit verejných financií SR v roku 2009, prognóza na rok 2010. Dôvodom zadlžovania SR je celosvetová finančná a hospodárska kríza a absencia prijatia nepopulárnych opatrení. Úsporné opatrenia zamerané na zníženie deficitu verejných financií. Fiškálne opatrenia vlády zamerané na ozdravenie verejných financií. 
610 2 0 |a financie verejné 
610 2 0 |a deficit 
610 2 0 |a Slovensko 
610 2 0 |a kríza hospodárska 
610 2 0 |a dane 
100 1 |a Víghová, Agneša